| 000 | 00000nam##2200000za#4500 |
| 001 | 9.591009 |
| 003 | CaOODSP |
| 005 | 20210624200413 |
| 007 | cr ||||||||||| |
| 008 | 150406|2002||||xxc|||||o f|0| 0 fre|d |
| 020 | |a0-662-86599-5 |
| 040 | |aCaOODSP|bfre |
| 043 | |an-cn--- |
| 086 | 1 |aH113-13/2001-2F-IN |
| 110 | 1 |aCanada.|bSanté Canada. |bAgence de réglementation de la lutte antiparasitaire. |
| 245 | 10|aLes priorités en matière de santé infantile à l'Agence de réglementation de la lutte antiparasitaire |h[ressource électronique] |
| 260 | |aOttawa - Ontario : |bSanté Canada. |cLe 3 janvier 2002. |
| 300 | |a10p.|btableau |
| 490 | 1 |aDocuments de principes |vSPN 2002-01 |
| 590 | |a11-32-Supp|b2011-12-20 |
| 775 | 08|tChildren's health priorities within the Pest Management Regulatory Agency |w(CaOODSP)9.558030 |
| 776 | 0#|tLes priorités en matière de santé infantile à l'Agence de réglementation de la lutte antiparasitaire |w(CaOODSP)9.625861 |
| 830 | #0|aDocuments de principes ;|vSPN 2002-01|w(CaOODSP)9.500870 |
| 856 | 40|ahttp://publications.gc.ca|qPDF|s129 Ko|uhttps://publications.gc.ca/collections/Collection/H113-13-2001-2F.pdf|ySPN 2002-01 |